| 000 | 01181nam0a22003011 4500 | ||
|---|---|---|---|
| 001 | rc\3525211 | ||
| 005 | 20250610040200.0 | ||
| 021 |
_aRU _b[74-1916] |
||
| 035 | _a(NLR Aleph) 007677706 | ||
| 090 |
_a6503963 _c6503963 |
||
| 100 | _a20130115d1973 |||y0rusy50 ca | ||
| 101 | 0 | _arus | |
| 102 | _aRU | ||
| 105 | _aa z ||||| | ||
| 200 | 1 |
_aВ помощь сельскому электрику _fМ-во сел. хоз-ва ЛатвССР. Упр. науч.-техн. информации |
|
| 210 |
_aРига _cЗвайгзне _d1973 |
||
| 215 |
_a280 с. _cил. _d20 |
||
| 300 | _aНа обороте тит. л. 1-й авт.: Валк Хонна Яковлевич | ||
| 320 | _aСписок лит.: с. 275-277 (47 назв.) | ||
| 606 |
_aЭлектрические установки, сельские _xЭксплуатация _2psbo |
||
| 700 | 1 |
_6z01790 _aВалк _bХ.Я. _gХонна Яковлевич |
|
| 701 | 1 |
_aЛагздиньш _bГ.Т. _gГирт Теодорович |
|
| 790 | 1 |
_6z01700 _aВалк _bХ.Я. _gХона Яковлевич |
|
| 801 | 0 |
_aRU _bNLR _gpsbo |
|
| 801 | 1 |
_aRU _bELAR _2rusmarc |
|
| 852 |
_aNLR _j73-3/9655 |
||
| 942 | _cBOOK | ||
| 980 | _aNB | ||